| 000 | 00461nam a22001577a 4500 | ||
|---|---|---|---|
| 999 |
_c114704 _d114704 |
||
| 005 | 20191119113202.0 | ||
| 008 | 191119b ||||| |||| 00| 0 eng d | ||
| 040 | _cPK-LaUMT | ||
| 082 |
_a291 _bSHA-T |
||
| 100 | _aSharaq, Muhammad = شارق، محمد | ||
| 245 |
_aTafheem mazahab = تفہیم مذاہب / _cby Muhammad Sharaq = محمد شارق |
||
| 260 |
_aKarachi : _bIdarah-e-Tahqeeqaat, _c2019 |
||
| 300 | _a144 p. | ||
| 546 | _aUrdu | ||
| 942 | _cBK | ||